000 00884nam a2200313 a 4500
003 AR-BaBNM
005 20251128205612.0
008 082120s2002 ||||||||||||||000 | spa||
040 _cAR-BaBNM
100 1 _aChávez, Fermín
245 0 0 _aLa vuelta de José Hernández
_bdel federalismo a la república liberal
260 _aBuenos Aires
_bEdiciones Theoría
_c1973
300 _a133 p.
490 0 _aBiblioteca argentina de letras
500 _aContiene referencias bibliográficas en p. 123
650 4 _aLITERATURA ARGENTINA
650 4 _aHISTORIA ARGENTINA
650 4 _aBIOGRAFIAS
650 4 _aESCRITORES
650 4 _aENSAYO
650 4 _aSIGLO DIECINUEVE
650 4 _aCAUDILLOS ARGENTINOS
650 4 _aMONTONERAS
650 4 _aORGANIZACION NACIONAL
650 4 _aCONFEDERACION ARGENTINA
655 _aBIOGRAFIAS
942 _cBK
998 _cMARTIN
999 _c12085
_d12085